| 000 | 02450nam0a2200385 4500 | ||
|---|---|---|---|
| 001 | RU\NLR\BIBL_A\011818044 | ||
| 005 | 20181219110827.0 | ||
| 010 |
_a978-5-94778-509-8 _9500 |
||
| 021 |
_aRU _bКН-П-18-067321 _9КН-П-18-4849 |
||
| 035 | _a(NLR Aleph) 011818044 | ||
| 035 | _a(RuMoRGB)009738740 | ||
| 090 |
_a11950095 _c11950095 |
||
| 100 | _a20181011d2017 k y0rusy50 ca | ||
| 101 | 0 | _arus | |
| 102 | _aRU | ||
| 105 | _ay|||z|||000zy | ||
| 200 | 1 |
_aТрадиционная культура России и ценности постиндустриального общества _eколлективная монография _f[Аронов А.А. - доктор культурологии, доктор педагогических наук, профессор, Буторов С.А. - доктор философских наук, профессор, Воеводина Л.Н. - доктор философских наук, профессор и др. _gнаучные редакторы: И.В. Малыгина, доктор философских наук, профессор, И.П. Леонтьева, кандидат философских наук, доцент] _gФедеральное государственное бюджетное образовательное учреждение высшего образования "Московский государственный институт культуры" |
|
| 210 |
_aМосква _cМГИК _d2017 |
||
| 215 |
_a116 с. _d21 |
||
| 300 | _aАвт. указаны на 115-й с. | ||
| 320 | _aБиблиогр. в конце разд. | ||
| 606 | 1 |
_aТрадиционная культура _yРоссийская Федерация _2nlr_sh2 _3RU\NLR\AUTH\661506025 |
|
| 686 | 1 | _aС550.25 | |
| 686 | 1 | _aТ52(2) | |
| 701 | 1 |
_aАронов _bА. А. _f1937-2023 _gАркадий Алексеевич _3RU\NLR\AUTH\7772263 |
|
| 701 | 1 |
_aБуторов _bС. А. _gСергей Алексеевич |
|
| 701 | 1 |
_aВоеводина _bЛ. Н. _gЛариса Николаевна |
|
| 702 | 1 |
_aМалыгина _bИ. В. _gИрина Викторовна _4340 |
|
| 712 | 0 | 2 |
_aМосковский государственный институт культуры _3RU\NLR\AUTH\880404236 _4475 |
| 942 | _cBOOK | ||
| 980 | _aNBR | ||
| 980 | _aNB | ||